000 00968nas a2200325 4500
001 BR0103123
003 BR-BrBNA
005 20231205102328.0
007 ta
008 230509b bl.|||p| |||| 00| 00por d
040 _aBR-BrBNA
_bpor
_cBiblioteca Nacional de Agricultura
041 _a(Pt)
072 _aF02
100 1 _aDode, L.B.
100 1 _aGoncalves, F.S.M.
100 1 _aOliveira, L.A.A. de
100 1 _aVighi, I.L.
100 1 _aMagalhaes Junior, A.M. de
100 1 _aPeters, J.A.
245 1 _aEfeito do balanco hormonal do meio de cultura na inducao e proliferacao de calos de arroz a partir de sementes maduras
650 _aArroz
650 _aSemente
650 _aCalo
650 _aMeio de Cultura
650 _aInducao
650 _aControle Hormonal
773 0 _tRevista Cientifica Rural (Brazil)
_xISSN 1413-8263
_g(2000), v. 5(2) p. 27-31
_wBR0103123
909 _a202311
_bLúcia
_c55
_dLúcia Elande
942 _2AGRIS
_n0
_cANA
999 _c167005
_d167005